Music Quiz

Random Music or Artist Quiz

Musicians' Instruments Quiz Stats

 Plays Quiz Updated Jan 26, 2018

Score 0/20 Timer 04:00
1 Play Today
Musician Primary Instrument % Correct
Ringo StarrDrums
97.8%
Alicia KeysPiano
94.4%
Louis ArmstrongTrumpet
93.8%
Carlos SantanaGuitar
93.3%
Yo-Yo MaCello
75%
Ravi ShankarSitar
63.8%
John ColtraneSaxophone
60.9%
John EntwistleBass guitar
55.2%
Tiny TimUkulele
44.9%
Benny GoodmanClarinet
40.1%
Musician Primary Instrument % Correct
Isaac SternViolin
37.7%
John PopperHarmonica
32.3%
Harpo MarxHarp
31.4%
Tommy DorseyTrombone
29.7%
Sir James GalwayFlute
27%
ZamfirPan flute
23.3%
Béla FleckBanjo
22.4%
Frankie YankovicAccordion
22.1%
Lionel HamptonVibraphone
11.3%
Bill MonroeMandolin
10.9%

You're not logged in!

Compare scores with friends on all Sporcle quizzes.
OR
Log In

Show Comments

Extras

Top Quizzes Today


Score Distribution

Your Account Isn't Verified!

In order to create a playlist on Sporcle, you need to verify the email address you used during registration. Go to your Sporcle Settings to finish the process.

Report this User

Report this user for behavior that violates our Community Guidelines.

Details: